|
|
|
|
| LEADER |
02156nam a2200529 4500 |
| 001 |
on1050447281 |
| 003 |
OCoLC |
| 005 |
20200326101155.0 |
| 006 |
m o d |
| 007 |
cr cnu---unuuu |
| 008 |
180905s2018 cau o 000 0 eng d |
| 040 |
|
|
|a N$T
|b eng
|e rda
|e pn
|c N$T
|d UIU
|d NLE
|d YDX
|d UKMGB
|d AU@
|d OCL
|d OPELS
|d GrThAP
|
| 015 |
|
|
|a GBB8H0777
|2 bnb
|
| 016 |
7 |
|
|a 019046940
|2 Uk
|
| 019 |
|
|
|a 1052445589
|
| 020 |
|
|
|a 9780128157886
|
| 020 |
|
|
|a 9780128157893
|q (electronic bk.)
|
| 020 |
|
|
|a 0128157895
|q (electronic bk.)
|
| 035 |
|
|
|a (OCoLC)1050447281
|z (OCoLC)1052445589
|
| 050 |
|
4 |
|a TP248.25.B53
|
| 072 |
|
7 |
|a SCI
|x 013060
|2 bisacsh
|
| 072 |
|
7 |
|a TEC
|x 009010
|2 bisacsh
|
| 072 |
|
7 |
|a PNF
|2 bicssc
|
| 072 |
|
7 |
|a PNR
|2 bicssc
|
| 082 |
0 |
4 |
|a 660
|2 23
|
| 245 |
0 |
0 |
|a Advances in biomembranes and lipid self-assembly.
|n Volume 28 /
|c edited by Aleš Iglič, Michael Rappolt and Ann García Sáez.
|
| 264 |
|
1 |
|a San Diego :
|b Elsevier Science,
|c 2018.
|
| 300 |
|
|
|a 1 online resource (264 pages)
|
| 336 |
|
|
|a text
|b txt
|2 rdacontent
|
| 337 |
|
|
|a computer
|b c
|2 rdamedia
|
| 338 |
|
|
|a online resource
|b cr
|2 rdacarrier
|
| 588 |
0 |
|
|a Print version record.
|
| 650 |
|
0 |
|a Bilayer lipid membranes
|x Biotechnology
|v Periodicals.
|
| 650 |
|
0 |
|a Liposomes
|v Periodicals.
|
| 650 |
|
7 |
|a SCIENCE
|x Chemistry
|x Industrial & Technical.
|2 bisacsh
|
| 650 |
|
7 |
|a TECHNOLOGY & ENGINEERING
|x Chemical & Biochemical.
|2 bisacsh
|
| 650 |
|
7 |
|a Bilayer lipid membranes
|x Biotechnology.
|2 fast
|0 (OCoLC)fst00831684
|
| 650 |
|
7 |
|a Liposomes.
|2 fast
|0 (OCoLC)fst00999411
|
| 650 |
|
7 |
|a SCIENCE / Chemistry / Industrial & Technical.
|2 bisacsh
|
| 650 |
|
7 |
|a TECHNOLOGY & ENGINEERING / Chemical & Biochemical.
|2 bisacsh
|
| 655 |
|
4 |
|a Electronic books.
|
| 655 |
|
7 |
|a Periodicals.
|2 fast
|0 (OCoLC)fst01411641
|
| 700 |
1 |
|
|a Iglič, Aleš.
|
| 700 |
1 |
|
|a Rappolt, Michael.
|
| 700 |
1 |
|
|a Garcia-Saez, Ana.
|
| 776 |
0 |
8 |
|i Print version:
|t Advances in Biomembranes and Lipid Self-Assembly. Volume 27.
|d San Diego : Elsevier Science, 2018
|z 9780128157732
|w (OCoLC)1027173280
|
| 856 |
4 |
0 |
|3 ScienceDirect
|u https://www.sciencedirect.com/science/bookseries/24519634/28
|z Full Text via HEAL-Link
|